|
|
|
|
| LEADER |
00000nab a2200000 a 4500 |
| 001 |
vtls000575575 |
| 003 |
SK-MaSNL |
| 005 |
20260304094903.0 |
| 008 |
250425c1995 xo 0 slo |
| 015 |
|
|
|a SNBRB19rr/mm-uuuuu
|
| 035 |
|
|
|a CL0575713
|
| 035 |
|
|
|a (urnnbn)urn:nbn:sk:snk:ar-004vfg
|
| 035 |
|
|
|a (uuid)4e6f4feb-d032-4e5d-b3d7-4e35dddfd4c4
|
| 035 |
|
|
|a urn:nbn:sk:snk-ab7y5m
|
| 040 |
|
|
|a SNKBUCL
|b slo
|c SNKBUCL
|e AACR2
|
| 041 |
0 |
|
|a slo
|
| 044 |
|
|
|a xo
|c SK
|
| 080 |
|
|
|a 930.1(437.6)"1993"(016)
|2 1981
|
| 080 |
|
|
|a 016:930.1
|2 1981
|
| 100 |
1 |
|
|a Sedliaková, Alžbeta,
|d 1952-
|4 aut
|9 229684
|
| 245 |
1 |
0 |
|a Historiografia na Slovensku 1993
|b Výberová bibliografia
|c Alžbeta Sedliaková
|
| 650 |
0 |
7 |
|a historiografia slovenská
|2 snkbucl
|9 929809
|
| 655 |
|
7 |
|a články z novín a časopisov
|2 snkbucl
|9 267496
|
| 773 |
0 |
|
|t Historický časopis
|g Roč. 43, č. 4 (1995), s. 774-809
|x 0018-2575
|
| 850 |
|
|
|a Slovenská národná knižnica
|
| 852 |
|
|
|a Slovenská národná knižnica
|
| 954 |
|
|
|a odborná, vedecká literatúra pôvodná (slovenská)
|2 lita
|
| 958 |
|
|
|a article9
|
| 958 |
|
|
|a OND
|
| 958 |
|
|
|a RK
|
| 958 |
|
|
|a SK
|
| 958 |
|
|
|a SF
|
| 958 |
|
|
|a EUIPO
|
| 992 |
|
|
|a RBX
|
| 999 |
|
|
|c 2829498
|d 2831428
|